Statistics for MCU Screen Time Top 20 Quiz

Click here to take the quiz!

General Stats

  • This quiz has been taken 118 times
  • The average score is 17 of 20

Answer Stats

#CharacterST% Correct
1Tony Stark / Ironman357:45
100%
2Steve Rogers / Captain America242:30
99%
4Thor Odinson205:30
99%
8Dr. Bruce Banner / The Hulk141:15
94%
5Natasha Romanoff / Black Widow176
94%
3Loki Laufeyson209:45
93%
6Peter Parker / Spider-Man162:30
92%
9Sam Wilson / Falcon / Captain America135
92%
7Wanda Maximoff / Scarlet Witch161
89%
13Peter Quill / Star-Lord95:45
86%
12Vision103:30
86%
14Dr. Stephen Strange / Doctor Strange89
84%
20King T'Challa / Black Panther64:45
83%
11Scott Lang / Ant-Man111:45
81%
10Sgt. James "Bucky" Barnes / Winter Soldier / White Wolf122:30
81%
15Gamora79:45
78%
19Director Nick Fury67
74%
17Carol Danvers / Vers / Captain Marvel71
61%
18Pepper Potts / Rescue69:45
59%
16Sylvie Laufeyson73:15
27%

Score Distribution

Percentile by Number Answered

Percent of People with Each Score

Your Score History

You have not taken this quiz